000 00909nam a22002897a 4500
003 CHAP
005 20220329141637.0
008 971013s1965 r 00010 d
010 _a71552
011 _a72524
035 _a82080
040 _cCHAP
082 _a637.3
_bD3
100 0 0 _aDavis, J. G.
_931268
245 _aCheese
260 _aLondon :
_bChurchill,
_c1965- .
300 _a4 v.
_b: ilus.
500 _aLa biblioteca tiene : v.1-2
505 _aContenido: v.1 Basic technology.- v.2 Annotated bibliography with subject index
590 _aBATCH-UPD
_b10
_c20130110
_lUCH01
_h0446
590 _aCONVERSION
_b10
_c20130109
_lUCH01
_h1339
650 1 4 _aQueso
_xProcesado.
_993233
901 _aBK
942 _cLIBRO
949 _a637.3 D3
_bBC
_cLIBRO
_d33724000094132
_eLIBRO
_fv.2
_h13023
_i82080
_si
_t258.00
949 _a637.3 D3
_bBC
_cLIBRO
_d33724000834420
_eLIBRO
_fv.1
_h13022
_i82080
_si
_t258.00
999 _c71552
_d71552